00947nam a22002297a 450000500170000001000150001702000260003203500140005803500130007203700130008503700280009808200110012610000170013724500440015426000450019827000840024330000210032794200250034899900170037395201320039095201950052220130724112725.0 aENG-104407 a9789380801629c995.00 aEN -87940 aB-491463 bDBAD/PUB bLiteracy House/Venadpl a327.54 aSharma, D.K. aIndian foreign policy /cby D.K.Sharma aNew DelhibD.P.S. Publishing Housec2011 aRoom No. 213, 7/28, Mahavir Street, Ansari Road, Darya Ganj,bNew Delhie110002 a318p.c22cm (Hb) 2ddccENmSHAh327.54 c59736d59736 00102ddc40718NFICaDBADbDBADd2011-12-21eDBAD / PUBg995.00l0o327.54 SHApEN -87940r2011-12-21 00:00:00t1v995.00yEN 001040708NFICaLbLd2013-07-24eLiteracy House/414/13/11.01.2013/22/18.12.2012/18.01.2013g995.00l15m4o327.54 SHApB-491463r2026-02-24 00:00:00s2026-02-16t1v995.00w2013-07-24yEN